Normal view MARC view

Entry Personal Name

Number of records used in: 1

001 - CONTROL NUMBER

  • control field: 625242

003 - CONTROL NUMBER IDENTIFIER

  • control field: OSt

005 - DATE AND TIME OF LATEST TRANSACTION

  • control field: 20221005113948.0

008 - FIXED-LENGTH DATA ELEMENTS

  • fixed length control field: 221005|| aca||aabn | a|a d

040 ## - CATALOGING SOURCE

  • Original cataloging agency: OSt
  • Transcribing agency: OSt

100 ## - HEADING--PERSONAL NAME

  • Personal name: Jabir Saud Mehmood Abdul Au

670 ## - SOURCE DATA FOUND

  • Source citation: Work cat.: (OSt)1029888: Jabir Saud Mehmood Abdul Au., Al-sher fi rahab-e-Saifuddaula al-Hamdani, 1998
Copyright @ Delhi University Library System